000 00450nmm a2200157Ia 4500
008 251105s9999||||xx |||||||||||||||||und||
041 _aspa
100 _aPaul, Sandra
245 0 _aUna mujer distinta
264 _a[Madrid, España] :
_bHarlequin,
_c[Fecha de publicación no identificada]
300 _a0 páginas
490 _a'El hijo del jefe'
650 _aRomance
856 _uhttps://public.digitaliapublishing.com/a/92844
942 _cCF
999 _c99144
_d99144